| 000 | 01316cam a2200337 a 4500 | ||
|---|---|---|---|
| 001 | 14490453 | ||
| 003 | ARRUPE | ||
| 005 | 20131218174608.0 | ||
| 008 | 060810s2004 sw b 000 0 eng d | ||
| 010 | _a 2006455147 | ||
| 020 | _a9171065393 (pbk.) | ||
| 035 | _a(CStRLIN)NYCXV5415449-B | ||
| 035 | _a(NIC)5415449 | ||
| 040 |
_aOHX _cOHX _dNIC _dDLC |
||
| 042 | _alccopycat | ||
| 050 | 0 | 0 | _aPR9390.B935 |
| 100 | 1 |
_aBull-Christiansen, Lene. _95906 |
|
| 245 | 1 | 0 |
_aTales of the nation : _bfeminist nationalism of patriotic history? : defining national history in Zimbabwe / _cLene Bull-Christiansen. |
| 260 |
_aUppsala : _bNordiska Afrikainstitutet, _c2004. |
||
| 300 |
_a118 p. ; _c25 cm. |
||
| 490 | 1 |
_aResearch report / Nordiska Afrikainstitutet, _x1104-8425 ; _vno. 132 |
|
| 504 | _aIncludes bibliographical references (p. 110-116). | ||
| 600 | 1 | 0 |
_aVera, Yvonne _xCriticism and interpretation. _95907 |
| 650 | 0 |
_aNational characteristics, Zimbabwean. _95908 |
|
| 650 | 0 |
_aFeminist literature _zZimbabwe. _95909 |
|
| 651 | 0 |
_aZimbabwe _xPolitics and government _y1980- _95910 |
|
| 830 | 0 |
_aResearch report (Nordiska Afrikainstitutet) ; _vno. 132. _95911 |
|
| 906 |
_a7 _bcbc _ccopycat _d3 _encip _f20 _gy-gencatlg |
||
| 942 |
_2lcc _cMONOGRAPH |
||
| 999 |
_c119338 _d119338 |
||